|
|
|
|
| LEADER |
00000naa0a2200000 4500 |
| 001 |
599975 |
| 005 |
20250127104832.0 |
| 035 |
|
|
|a (RuTPU)RU\TPU\tpu\24137
|
| 035 |
|
|
|a RU\TPU\tpu\20555
|
| 090 |
|
|
|a 599975
|
| 100 |
|
|
|a 20131211d2011 k y0rusy50 ca
|
| 101 |
0 |
|
|a rus
|
| 102 |
|
|
|a RU
|
| 200 |
1 |
|
|a Применение модульных технологий в формировании образовательного процесса пропедевтических дисциплин технического вуза на примере курса "Введение в измерительную технику"
|f И. А. Абрашкина
|
| 333 |
|
|
|a В фонде НТБ ТПУ отсутствует
|
| 461 |
|
|
|t Образование в современном мире
|o сборник научных трудов VI научно-практической конференции, Саратов, 10-25 марта 2011
|d 2011
|
| 463 |
|
|
|t Вып. 6
|v С. 160-167
|d 2011
|
| 610 |
1 |
|
|a труды учёных ТПУ
|
| 700 |
|
1 |
|a Абрашкина
|b И. А.
|c специалист в области организации высшего профессионального образования
|c начальник отдела Томского политехнического университета
|f 1979-
|g Ирина Андреевна
|3 (RuTPU)RU\TPU\pers\26851
|9 12470
|
| 801 |
|
1 |
|a RU
|b 63413507
|c 20120120
|
| 801 |
|
2 |
|a RU
|b 63413507
|c 20131211
|g RCR
|
| 942 |
|
|
|c BK
|